Understanding options / (Record no. 362500)
[ view plain ]
| 000 -LEADER | |
|---|---|
| fixed length control field | 00394nam a2200133Ia 4500 |
| 008 - FIXED-LENGTH DATA ELEMENTS--GENERAL INFORMATION | |
| fixed length control field | 191108s9999 xx 000 0 und d |
| 020 ## - INTERNATIONAL STANDARD BOOK NUMBER | |
| International Standard Book Number | 0-471-08554-5 |
| 100 ## - MAIN ENTRY--PERSONAL NAME | |
| Personal name | Kolb, Robert W. |
| 245 ## - TITLE STATEMENT | |
| Statement of responsibility, etc | Robert Kolb.-- |
| Title | Understanding options / |
| 260 ## - PUBLICATION, DISTRIBUTION, ETC. (IMPRINT) | |
| Place of publication, distribution, etc | Canada : |
| Name of publisher, distributor, etc | John Wiley & Sons, Inc. |
| Date of publication, distribution, etc | 1995 |
| 300 ## - PHYSICAL DESCRIPTION | |
| Extent | 375 pages : |
| 500 ## - GENERAL NOTE | |
| General note | Includes appendix and index. |
| 650 ## - SUBJECT ADDED ENTRY--TOPICAL TERM | |
| Topical term or geographic name as entry element | Options (Finance) |
| Withdrawn status | Lost status | Source of classification or shelving scheme | Damaged status | Home library | Current library | Shelving location | Date acquired | Source of acquisition | Total Checkouts | Full call number | Barcode | Date last seen | Price effective from | Koha item type |
|---|---|---|---|---|---|---|---|---|---|---|---|---|---|---|
| Library of Congress Classification | Southville International School Affiliated with Foreign Universities Library | Southville International School Affiliated with Foreign Universities Library | Southville Foreign University Section | 11/08/2019 | Donation | HG 6024.A3 .K653 1995 | SFU0248 | 11/08/2019 | 11/08/2019 | Books |